Tranformaciones sociales y acciones colectivas: América Latina en el contexto internacional de los noventa

Guardat en:
Dades bibliogràfiques
Format: Text
Publicat: El Colegio de Mexico
Etiquetes: Afegir etiqueta
Sense etiquetes, Sigues el primer a etiquetar aquest registre!

MARC

LEADER 00000 a a2200000 04500
001 31500
003
040 |a CRAI/IIS  |c CRAI/IIS 
020 |a 968-12-0583-9  
090 |a 197800  
245 |a Tranformaciones sociales y acciones colectivas: América Latina en el contexto internacional de los noventa  
260 |a El Colegio de Mexico  
300 |a 308 p.  
999 |c 7153  |d 7153